ARRUPE JESUIT UNIVERSITY

CORONAVIRUS -STOP THE SPREAD - CLEAN,DISINFECT,COVER

The historical novel / (Record no. 121600)

MARC details
000 -LEADER
fixed length control field 01256cam a2200373 a 4500
001 - CONTROL NUMBER
control field 902986
003 - CONTROL NUMBER IDENTIFIER
control field ARRUPE
005 - DATE AND TIME OF LATEST TRANSACTION
control field 20150113114359.0
008 - FIXED-LENGTH DATA ELEMENTS--GENERAL INFORMATION
fixed length control field 910122r19831962nbu 000 0 eng
010 ## - LIBRARY OF CONGRESS CONTROL NUMBER
LC control number 82024772 //r863
020 ## - INTERNATIONAL STANDARD BOOK NUMBER
International Standard Book Number 0803279108 (pbk.)
035 ## - SYSTEM CONTROL NUMBER
System control number (OCoLC)9154295
035 ## - SYSTEM CONTROL NUMBER
System control number (OCoLC)ocm09154295
035 ## - SYSTEM CONTROL NUMBER
System control number (CStRLIN)NYCG91-B4760
035 ## - SYSTEM CONTROL NUMBER
System control number (NNC)902986
040 ## - CATALOGING SOURCE
Modifying agency CStRLIN
Transcribing agency des
041 1# - LANGUAGE CODE
Language code of text/sound track or separate title enggerhun
050 1# - LIBRARY OF CONGRESS CALL NUMBER
Classification number PN3441
Item number .L813 1983
082 0# - DEWEY DECIMAL CLASSIFICATION NUMBER
Classification number 809.3/81
Edition number 19
090 ## - LOCALLY ASSIGNED LC-TYPE CALL NUMBER (OCLC); LOCAL CALL NUMBER (OCLC)
Classification number (OCLC) (R) ; Classification number, CALL (RLIN) (NR) PN3441
Local cutter number (OCLC) ; Book number/undivided call number, CALL (RLIN) .L813 1983
300 ## - PHYSICAL DESCRIPTION
Dimensions 21 cm.
100 1# - MAIN ENTRY--PERSONAL NAME
Personal name Lukács, György,
Dates associated with a name 1885-1971.
9 (RLIN) 13753
240 10 - UNIFORM TITLE
Uniform title <a href="Történelmi regény.">Történelmi regény.</a>
Language of a work English
245 14 - TITLE STATEMENT
Title The historical novel /
Statement of responsibility, etc Georg Lukács ; translated from the German by Hannah and Stanley Mitchell ; introduction by Fredric Jameson.
260 ## - PUBLICATION, DISTRIBUTION, ETC. (IMPRINT)
Place of publication, distribution, etc London :
Name of publisher, distributor, etc Merlin Press,
Date of publication, distribution, etc 1962.
300 ## - PHYSICAL DESCRIPTION
Extent 363 p. ;
500 ## - GENERAL NOTE
General note Translation of: A történelmi regény.
500 ## - GENERAL NOTE
General note Reprint. Originally published: Boston : Beacon Press, 1963, c1962.
500 ## - GENERAL NOTE
General note "Bison book"--Verso t.p.
500 ## - GENERAL NOTE
General note Includes index.
650 #0 - SUBJECT ADDED ENTRY--TOPICAL TERM
Topical term or geographic name as entry element Historical fiction
General subdivision History and criticism.
9 (RLIN) 13754
650 #0 - SUBJECT ADDED ENTRY--TOPICAL TERM
Topical term or geographic name as entry element Historical drama
General subdivision History and criticism.
9 (RLIN) 13755
942 ## - ADDED ENTRY ELEMENTS (KOHA)
Source of classification or shelving scheme Library of Congress Classification
Koha item type Monograph ( Printed materials)
Holdings
Withdrawn status Lost status Source of classification or shelving scheme Damaged status Not for loan Collection code Home library Current library Shelving location Date acquired Total Checkouts Full call number Barcode Date last seen Price effective from Koha item type
    Library of Congress Classification     Main Collection ARRUPE LIBRARY ARRUPE LIBRARY Main Collection 13/01/2015   PR3441 .L813 1962 46500003338 25/04/2019 13/01/2015 Monograph ( Printed materials)

 

Arrupe Library. PO Box MP320 Mt Pleasant, Harare, Zimbabwe
263 242 745411|librarian@aju.ac.zw